| 000 | 00817nam a2200229 i 4500 | ||
|---|---|---|---|
| 003 | DO-SdBNP | ||
| 005 | 20240916153309.0 | ||
| 007 | ta | ||
| 008 | 240916s1935 dr 000 0 spa d | ||
| 040 |
_aDO-SdBNP _bspa _cBNPHU _erda |
||
| 082 |
_bC422 _222 |
||
| 100 | 1 |
_aCestero, Miguel A. _eautor _986589 |
|
| 245 | 1 | 0 |
_aMemoria : _bpresentada por el secretario general de la Cámara de Comercio Industria y Agricultura de San Pedro de Macorís de la labor realizada / _cMiguel A. Cestero |
| 264 |
_a[San Pedro de Macoris, República Dominicana] : _bImprenta Diario de Macoris., _c1935. |
||
| 300 |
_a15 paginas. ; _c24 cm. |
||
| 336 |
_2rdacontent _atexto _btxt |
||
| 337 |
_2rdamedia _asin mediación _bn |
||
| 338 |
_2rdacarrier _avolumen _bnc |
||
| 590 | _aInventariado, 2024 / YL | ||
| 910 | _aDG | ||
| 942 |
_2ddc _cLF2 |
||
| 999 |
_c57696 _d57696 |
||